| 000 | 00526nam a22001577a 4500 | ||
|---|---|---|---|
| 008 | 230320b |||||||| |||| 00| 0 eng d | ||
| 020 | _a03970002-x | ||
| 050 | _aRC488.5.M395 1985. | ||
| 100 |
_aMcGoldrick,Monica _952241 |
||
| 245 |
_aGenograms in family assessment. _cMonica McGoldrick. |
||
| 260 |
_aNew York: _bW.W.Norton &Company, _c1985. |
||
| 300 |
_axviii, _b174p; _c24cm. |
||
| 650 |
_aFamily psychotherapy, _vtechnique _952242 |
||
| 650 |
_abehavioral assessment _vcharts,diagrams,etc _952243 |
||
| 942 |
_2lcc _cMONOGRAPH |
||
| 999 |
_c131687 _d131687 |
||